000 00764nam a2200301 a 4500
001 1530
005 20140414131911.0
008 001207s19uu xx 00 eng d
020 _a0-7214-1573-3
050 _aER
_bEl1 1993
050 _bEl1 1993
100 _aHunia, Fran
245 _aElves and the shoemaker, (The) /
_cby Fran Hunia ; illustrated by John Dyke.
260 _aLiecestershire, UK :
_bLadybird Books,
_c1993.
300 _a1 v. p. : ill. ; cm.
440 _aRead it yourself, level 1
650 _aFairy tales.
650 _aShoemaker
_xFiction.
999 _c111239
_d111239